00873pam a2200265 a 4500999001500000001000500015003000900020005001700029008004100046010001700087020001500104040002800119050002200147082001600169100001800185245007600203260003700279300004500316504005300361650001700414700002700431700002300458942001200481952011400493 c1895d18954638BD-DhUAP20200217152918.0200217s1991 nyuabf b 001 0 eng  a 90019144  a0070004110 aDLCcDLCdBD-DhUAPbeng00aHV6025b.A35 199100a364 ADL2231 aAdler, Freda.10aCriminology /cFreda Adler, Gerhard O.W. Mueller and William S. Laufer. aNew York :bMcGraw-Hill,cc1991. axx, 535 pages :billustrations ;c27 cm. aIncludes bibliographical references and indexes. 0aCriminology.1 aMueller, Gerhard O. W.1 aLaufer, William S. 2ddccBK 00102ddc4070aUAPCLbUAPCLcGeneral Stacksd2020-02-17o364 ADLp3010004638r2020-02-17t1w2020-02-17yBK